| 000 -ლიდერი |
| ფიქსირებული სიგრძის საკონტროლო ველი |
01554nam a2200265Ia 4500 |
| 001 - საკონტროლო ნომერი |
| საკონტროლო ველი |
2270 |
| 003 - საკონტროლო ნომრის იდენტიფიკატორი |
| საკონტროლო ველი |
GE_BSU |
| 005 - ბოლო ოპერაციის თარიღი და დრო |
| საკონტროლო ველი |
20190502114159.0 |
| 008 - ფიქსირებული სიგრძის მონაცემთა ელემენტები - ზოგადი ინფორმაცია |
| ფიქსირებული სიგრძის საკონტროლო ველი |
181216s||||||||ge |||||||||||||| ||geo|| |
| 020 ## - წიგნის საერთაშორისო სტანდარტული ნომერი |
| International Standard Book Number |
9789941131608 |
| 040 ## - კატალოგიზაციის წყარო |
| Transcribing agency |
GE_BSU |
| 041 ## - ენის კოდი |
| Language code of text/sound track or separate title |
geo |
| 080 ## - უნივერსალური ათობითი კლასიფიკაციის ინდექსი |
| Universal Decimal Classification number |
546(075.8) ლ–40 |
| 100 ## - მთავარი ჩანაწერი - პიროვნების სახელი |
| Personal name |
ლეკიშვილი, ნოდარ |
| 9 (RLIN) |
631 |
| 245 ## - ცნობა სათაურის შესახებ |
| Title |
ზოგადი და არაორგანული ქიმია : |
| Remainder of title |
ნაწ. 1.; ფუნდამენტური პრინციპები და თეორიული საფუძვლები / |
| Statement of responsibility, etc |
ნოდარ ლეკიშვილი, ქრისტინე გიორგაძე, ზურაბ ფაჩულია; [რედაქტორები: მაია რუსია, გიული ანდრონიკაშვილი] |
| 264 ## - წარმოების, გამოცემის, დისტრიბუციის და სხვა ცნობები |
| გამოცემის, წარმოების, დისტრიბუციის... ადგილი |
თბილისი: |
| გამოცემის, წარმოების, დისტრიბუციის... სახელწოდება |
სახ. უნ-ტის გამომცემლობა, |
| გამოცემის, წარმოების, დისტრიბუციის... თარიღი |
2010. |
| 300 ## - ფიზიკური აღწერა |
| Extent |
279 გვ. : |
| Other physical details |
ცხ., სქემ., ნახ.; |
| Dimensions |
24სმ. |
| 653 ## - INDEX TERM--UNCONTROLLED |
| Uncontrolled term |
ზოგადი ქიმია |
| 653 ## - INDEX TERM--UNCONTROLLED |
| Uncontrolled term |
არაორგანული ქიმია |
| 700 ## - ADDED ENTRY--PERSONAL NAME |
| Personal name |
გიორგაძე, ქრისტინე |
| Relator term |
ავტორი |
| 9 (RLIN) |
632 |
| 700 ## - ADDED ENTRY--PERSONAL NAME |
| Personal name |
ფაჩულია, ზურაბ |
| Relator term |
ავტორი |
| 9 (RLIN) |
633 |
| 700 ## - ADDED ENTRY--PERSONAL NAME |
| Personal name |
რუსია, მაია |
| 9 (RLIN) |
634 |
| Relator term |
რედაქტორი |
| 700 ## - ADDED ENTRY--PERSONAL NAME |
| Personal name |
ანდრონიკაშვილი, გიული |
| Relator term |
რედაქტორი |
| 9 (RLIN) |
635 |
| 942 ## - ADDED ENTRY ELEMENTS (KOHA) |
| Koha item type |
წიგნი |
| Source of classification or shelving scheme |
|